Lait et produits laitiers en Méditerranée : (Record no. 15872)
[ view plain ]
| 000 -LEADER | |
|---|---|
| fixed length control field | 00545cam a22001814a 4500 |
| 020 ## - INTERNATIONAL STANDARD BOOK NUMBER | |
| ISBN | 9782845868045 |
| 040 ## - CATALOGING SOURCE | |
| Transcribing agency | DLC |
| 082 ## - DEWEY DECIMAL CLASSIFICATION NUMBER | |
| Classification number | 363 EDI 2007 A078 Or. |
| 245 00 - TITLE STATEMENT | |
| Title | Lait et produits laitiers en Méditerranée : |
| Remainder of title | des filières en pleine restructuration / |
| 260 ## - PUBLICATION, DISTRIBUTION, ETC. (IMPRINT) | |
| Place of publication | Paris : |
| Name of publisher | Éditions Karthala, |
| Year of publication | c2007. |
| 300 ## - PHYSICAL DESCRIPTION | |
| Number of Pages | 377 p. : |
| Other physical details | ill. ; |
| Dimensions | 24 cm. |
| 490 0# - SERIES STATEMENT | |
| Series statement | Économie et développement |
| 650 #0 - SUBJECT ADDED ENTRY--TOPICAL TERM | |
| Topical Term | Dairy products industry |
| 700 1# - ADDED ENTRY--PERSONAL NAME | |
| Personal name | Hassaïnya, Jemaïel. |
| 700 1# - ADDED ENTRY--PERSONAL NAME | |
| Personal name | Padilla, Martine. |
| 700 1# - ADDED ENTRY--PERSONAL NAME | |
| Personal name | Tozanli, S. |
| 942 ## - ADDED ENTRY ELEMENTS (KOHA) | |
| Koha item type | សៀវភៅភាសាអង់គ្លេស |
| 952 ## - LOCATION AND ITEM INFORMATION (KOHA) | |
| Withdrawn status [LOCAL, KOHA] | 0 |
| Permanent Location | Date acquired | Koha item type | Lost status | Shelving location | Barcode | Current Location | Full call number |
|---|---|---|---|---|---|---|---|
| Library Block A | 2017-12-13 | សៀវភៅភាសាអង់គ្លេស | A078 | A11130 | Library Block A | 363 EDI 2007 A078 Or. |